Χρήση μοντέλου SLEUTH για την εκτίμηση της μελλοντικής αστικής εξάπλωσης του δήμου Μυτιλήνης, με την βοήθεια τηλεσκοπικών δεδομένων : διατριβή
Αποθηκεύτηκε σε:
| Κύριος συγγραφέας: | |
|---|---|
| Συγγραφή απο Οργανισμό/Αρχή: | |
| Άλλοι συγγραφείς: | |
| Μορφή: | Thesis Βιβλίο |
| Γλώσσα: | Greek |
| Δημοσίευση: |
2010.
|
| Θέματα: | |
| Διαθέσιμο Online: | http://hdl.handle.net/11610/15051 |
| Ετικέτες: |
Προσθήκη ετικέτας
Δεν υπάρχουν, Καταχωρήστε ετικέτα πρώτοι!
|
MARC
| LEADER | 00000cam a2200000 i 4500 | ||
|---|---|---|---|
| 001 | 1/15756 | ||
| 008 | 111014s2010 gr | ||| |||| ||gre|| | ||
| 035 | |l 10111108 | ||
| 040 | |a GR-MyUa |b gre |e AACR2 | ||
| 041 | 0 | |a gre | |
| 082 | 7 | |a 711.4 |2 (22) | |
| 100 | 1 | |a Ρετσιλίδου, Όλγα. | |
| 245 | 1 | 0 | |a Χρήση μοντέλου SLEUTH για την εκτίμηση της μελλοντικής αστικής εξάπλωσης του δήμου Μυτιλήνης, με την βοήθεια τηλεσκοπικών δεδομένων : |b διατριβή / |c Ρετσιλίδου Όλγα ; επιβλέπων καθηγητής: Χαλβαδάκης Κωνσταντίνος. |
| 260 | |c 2010. | ||
| 300 | |a 138 σ. : |b πιν. ; |c 30 εκ. | ||
| 502 | |a Διατριβή (μεταπτυχιακή) - Πανεπιστήμιο Αιγαίου, Λέσβος, 2010. | ||
| 504 | |a Βιβλιογραφία: σ. 123-129. | ||
| 650 | 0 | |a Remote sensing |x Case studies. | |
| 650 | 0 | |a Cities and towns |x Growth. | |
| 650 | 0 | |a Cities and towns |z Greece |z Mytilene (Lesbos) | |
| 650 | 0 | |a City planning |z Greece |z Mytilene (Lesbos) | |
| 650 | 0 | |a City planning |x Remote sensing. | |
| 650 | 0 | |a Dissertations, Academic |z Greece. | |
| 700 | 1 | |a Χαλβαδάκης, Κωνσταντίνος Π. |e dgs [Επιβλέπων καθηγητής] | |
| 710 | 2 | |a Πανεπιστήμιο Αιγαίου |b Σχολή Περιβάλλοντος |b Τμήμα Περιβάλλοντος |b Πρόγραμμα Μεταπτυχιακών Σπουδών Περιβαλλοντική Πολιτική και Διαχείριση. | |
| 852 | |a INST |b LESVOS |c DIATR |e 20111014 |h 667 |p 005100051353 |q 005100051353 |t MTXE |y 23 | ||
| 852 | |a INST |b LESVOS |c DIATR |e 20111014 |h 668 |p 005100051342 |q 005100051342 |t MTXE |y 23 | ||
| 856 | |u http://hdl.handle.net/11610/15051 | ||
| 901 | |a BIBL1-2011-3 | ||
| 924 | |a Ρετσιλίδου |b Όλγα |y Λέσβος |z 2010-05 | ||
| 970 | |a ΤΖΑΦΕΡΗ |b ΕΥΑΓΓΕΛΙΑ |z 2011/10/14 | ||